000 00549nam a22001817a 4500
020 _a81-204-1399
082 _a589
100 _aNita Bahl
245 _aHandbook On Mushrooms
250 _a4
260 _aNew Delhi
_bOxford & IBH
_c2002
300 _a166
500 _aNematodes Mites Minerals Protein
520 _aThis book provid the origin of the word Mushroom has been traced with an account on the history of Mushroom cultivation, uses and food value.
650 _aNematodes, Mites ,Minerals
700 _aNita Bahl
942 _cBK
999 _c298024
_d298024